[Event "Ruhrgebiet-ch U16"]
[Site "Muelheim"]
[Date "2003.04.13"]
[Round "2"]
[White "Bastian, Felix"]
[Black "Sharma, Danesh"]
[Result "0-1"]
[WhiteElo "1389"]
[BlackElo "1269"]
[PlyCount "78"]
[EventDate "2003.04.??"]
[EventType "swiss"]
[EventRounds "7"]
[EventCountry "GER"]
[SourceTitle "EXT 2005"]
[Source "ChessBase"]
[SourceDate "2004.11.15"]
[SourceVersion "1"]
[SourceVersionDate "2004.11.15"]
[SourceQuality "1"]

1. f4 d5 2. Nf3 Nf6 3. e3 g6 4. b4 e6 5. a3 Bg7 6. Bb2 Nbd7 7. Be2 b6 8. 0-0 Bb7 9. Ne5 0-0 10. d3 Nxe5 11. fxe5 Nd7 12. d4 c5 13. Qe1 c4 14. Nc3 Qg5 15. Bf3 Bh6 16. Bc1 Qe7 17. Nb5 f6 18. e4 Bxc1 19. Rxc1 fxe5 20. exd5 exd5 21. Nc7 Rac8 22. Nxd5 Bxd5 23. Bxd5+ Kg7 24. Rxf8 Rxf8 25. Bxc4 Qd6 26. Rd1 exd4 27. Qe4 Rf4 28. Rxd4 Qxd4+ 29. Qxd4+ Rxd4 30. Bb3 Ne5 31. Kf2 Kf6 32. Ke3 Rd8 33. h3 b5 34. g4 Nc4+ 35. Bxc4 bxc4 36. h4 Ke5 37. a4 a6 38. b5 axb5 39. axb5 Rb8 0-1